000
00271pam a2200121 a 4500
020
_c
041
_a
eng
100
_a
A.Nikolayev.
245
_a
R&D In Social Repnoduction
_h
Textual Documents
260
_a
[s.l]:
_b
Progress Publishers
300
_a
355p.
930
_a
15660
999
_c
92560
_d
92560